| Tag |
First Indicator |
Second Indicator |
Subfields |
| LEADER |
00000cam a2200000 a 4500 |
| 001 |
in00004722113 |
| 008 |
910807s1953 mtua s000 0 eng d |
| 005 |
20230601185905.0 |
| 035 |
|
|
|a (OCoLC)ocm24188186
|
| 040 |
|
|
|a RQF
|b eng
|c RQF
|d AGL
|d OCLCQ
|d OCLCG
|d OCLCQ
|d OCLCF
|d OCLCQ
|d OCLCO
|d OCLCQ
|d TXA
|
| 035 |
|
|
|a (OCoLC)24188186
|
| 043 |
|
|
|a np-----
|a n-us-mt
|a n-us-sd
|a n-us-wy
|
| 070 |
0 |
|
|a 100
|b M76 (2) no.204
|
| 072 |
|
0 |
|a E200
|
| 072 |
|
0 |
|a L100
|
| 082 |
0 |
4 |
|a 630.7
|b M76c, no.204
|
| 090 |
|
|
|a SF197.8
|b .G72 1953
|
| 100 |
1 |
|
|a Gray, James R.
|
| 245 |
1 |
0 |
|a Cattle ranching in the Northern Great Plains :
|b a summary of organization, costs, and returns of an average size commercial family-operated cattle ranch, 1930-52 /
|c by James R. Gray and Chester B. Baker.
|
| 264 |
|
1 |
|a Bozeman, Mont. :
|b Montana State College, Agricultural Experiment Station,
|c 1953.
|
| 300 |
|
|
|a 19 pages :
|b illustrations ;
|c 23 cm
|
| 336 |
|
|
|a text
|b txt
|2 rdacontent
|
| 337 |
|
|
|a unmediated
|b n
|2 rdamedia
|
| 338 |
|
|
|a volume
|b nc
|2 rdacarrier
|
| 490 |
1 |
|
|a Circular / Montana State College, Agricultural Experiment Station ;
|v 204
|
| 500 |
|
|
|a Caption title.
|
| 650 |
|
0 |
|a Ranching
|x Economic aspects
|z Great Plains.
|
| 650 |
|
0 |
|a Ranches
|z Montana.
|
| 650 |
|
0 |
|a Ranches
|z South Dakota.
|
| 650 |
|
0 |
|a Ranches
|z Wyoming.
|
| 650 |
|
6 |
|a Ranchs
|z Dakota du Sud.
|
| 650 |
|
7 |
|a Ranches.
|2 fast
|0 (OCoLC)fst01089760
|
| 651 |
|
7 |
|a Montana.
|2 fast
|0 (OCoLC)fst01207555
|
| 651 |
|
7 |
|a South Dakota.
|2 fast
|0 (OCoLC)fst01204322
|
| 651 |
|
7 |
|a Wyoming.
|2 fast
|0 (OCoLC)fst01204583
|
| 700 |
1 |
|
|a Baker, C. B.
|q (Chester Bird)
|
| 776 |
0 |
8 |
|i Online version:
|a Gray, James R.
|t Cattle ranching in the Northern Great Plains.
|d Bozeman, Mont. : Montana State College, Agricultural Experiment Station, 1953
|w (OCoLC)985368414
|
| 830 |
|
0 |
|a Circular (Montana State College. Agricultural Experiment Station) ;
|v 204.
|
| 994 |
|
|
|a Z0
|b TMV
|
| 948 |
|
|
|h NO HOLDINGS IN TMV - 6 OTHER HOLDINGS
|
| 999 |
f |
f |
|s 412f0db0-f974-494f-b1e4-23804aaafc4c
|i 785cbb37-a359-4539-8bfe-0b1d15ca877a
|t 0
|
| 952 |
f |
f |
|p noncirc
|a Texas A&M University
|b College Station
|c Cushing Memorial Library & Archives
|d Cushing: Dykes (Does not check out)
|t 0
|e SF197.8 .G72 1953
|f Vertical File
|h Library of Congress classification
|i unmediated -- volume
|m A1485295720A
|
| 998 |
f |
f |
|a SF197.8 .G72 1953
|t 0
|l Cushing: Dykes (Does not check out)
|